| 000 | 00636nam a2200205Ia 4500 | ||
|---|---|---|---|
| 003 | OSt | ||
| 005 | 20240506121805.0 | ||
| 008 | 210210b1999 xxu||||| |||| 00| 0 eng d | ||
| 040 | _cAL | ||
| 041 | _aKannada | ||
| 082 | _a390K KRAA | ||
| 100 |
_aKRASHNANANDA KAMATA. _dಕೃಷ್ಣಾನಂದ ಕಾಮತ್ _9163245 |
||
| 245 |
_aAkshata. _bಅಕ್ಷತಾ |
||
| 260 |
_aBengaluru _bNavakarnataka Prakashana _c1999 |
||
| 300 | _a120 | ||
| 650 |
_aGauli mapille halakkigaudaru sarasvataru kharvi thodavaru santalaru konkani bhashe kraistaru. _9163246 |
||
| 690 |
_aCustoms _9163247 |
||
| 906 | _a054882 | ||
| 942 |
_2ddc _cBK |
||
| 999 |
_c102993 _d102993 |
||